000 00680nam a2200277Ia 4500
005 20260324125443.0
008 008 260324s9999 xx 000 0 eng d
020 _a9781003238294
037 _aEBOOK
040 _aCRL
040 _beng
040 _cCRL
041 _2eng
041 _aeng
084 _qCRL
100 _aSue Argiro; Wendy Ashcroft; Joyce Keohane
_91178042
245 0 _aSuccess Strategies for Teaching Kids With Autism
260 _bTaylor and Francis
260 _c2009
365 _a
365 _b89.99
856 _uhttp://www.taylorfrancis.com/books/9781003238294
942 _cEBOOK
999 _c1773317
_d1773317